Didáctica de la historia en la educación infantil y primaria

Zapisane w:
Opis bibliograficzny
1. autor: Cooper, Hilary (Autor)
Format: Książka
Język:hiszpański
Wydane: Madrid Morata 2002
Seria:Pedagogía Educación Infantil y Primaria, 37
Hasła przedmiotowe:
Etykiety: Dodaj etykietę
Nie ma etykietki, Dołącz pierwszą etykiete!

MARC

LEADER 00000cam a2200000 a 4500
001 UCK6888
003 CL-VaPUC
008 051021e20020000sp |||||||||||||||||spa|d
020 |a 8471124769 
082 0 4 |a 372.89  |b COO  |2 21 
100 0 |a Cooper, Hilary  |e author  |9 496382 
245 1 0 |a Didáctica de la historia en la educación infantil y primaria 
300 |a 263 p 
942 |c BK 
945 |d 20051021 00:00:00  |a cmena 
260 |a Madrid  |b Morata  |c 2002 
650 0 |a Enseñanza de la historia   |9 307330 
650 0 |a Métodos de enseñanza  |9 270413 
650 0 |a Educación básica   |9 224933 
583 |a last modification  |c 20151103 11:38:19  |k Rodrigo Vera 
490 0 |a Pedagogía Educación Infantil y Primaria, 37 
999 |c 315025  |d 315023 
952 |0 0  |1 0  |4 0  |6 372_890000000000000_COO_2002  |7 0  |8 R  |9 387922  |a BIBEDU  |b BIBEDU  |c MCIRC  |d 2019-11-22  |i 4157982  |o 372.89 COO 2002  |p 4157982  |r 2023-01-13  |w 2019-11-22  |y BK_R  |k PAR 
952 |0 0  |1 0  |4 0  |6 372_890000000000000_COO_2002  |7 0  |8 R  |9 387923  |a BIBEDU  |b BIBEDU  |c MCIRC  |d 2019-11-22  |i 4157990  |l 1  |o 372.89 COO 2002  |p 4157990  |r 2024-04-29  |s 2024-04-25  |w 2019-11-22  |y BK_R  |k PAR 
952 |0 0  |1 0  |3 erb  |4 0  |6 372_890000000000000_COO_2002  |7 0  |8 R  |9 387924  |a BIBEDU  |b BIBEDU  |c MCIRC  |i 5247284  |l 4  |o 372.89 COO 2002  |p 5247284  |r 2023-01-13  |s 2021-08-18  |w 2019-11-22  |y BK_R  |z Catalogado en:20151106  |k EPE